El Triunfo de Bachelet y el ascenso político de las mujeres /

保存先:
書誌詳細
第一著者: Franceschet, Susan
フォーマット: テキスト
主題:
タグ: タグ追加
タグなし, このレコードへの初めてのタグを付けませんか!

MARC

LEADER 00000 a a2200000 04500
001 10801
003
040
100 |a Franceschet, Susan  
245 |a El Triunfo de Bachelet y el ascenso político de las mujeres /  |c Susan Franceschet 
650 |a GOBIERNO  
650 |a MUJERES  
650 |a PODER POLITICO  
650 |a SOCIALISMO  
650 |a CHILE  
773 |g número 202; páginas 13-22  
999 |c 20584  |d 20584